00526cam a2200133 i 4500999001500000020004000015100001400055245006100069250001100130260003800141300003100179942001400210952016800224 c7150d7150 a9789860594751 :cNT$新台幣250元 a鄭文燦10a贏在決勝點c新世紀公共事務有限公司撰文 a初版 a桃園市: b桃市府, c2019.06 a161面: b圖 ; c21公分 2cclcBOOK 00102ccl4070ayeezenbyeezend2020-10-27l0o494pC02739r2020-10-27 00:00:00w2020-10-27yBOOKz從企業的初始到現在發展到跨國集團的經驗分享